000 00541nam a2200157 a 4500
001 000016536
005 20250226113147.0
008 100308s19uu dr a r 000 0 spa d
040 _aDO-SdBNP
_bspa
_cBNPHU
082 _axxxx
_bC822f
110 1 _aRepública Dominicana
_9447
245 1 0 _aCorporación de Fomento Industrial :
_bplan de inversiones financieras 1985-1989.
260 _a[Santo Domingo] :
_b[CFI],
_c[s.f.].
300 _a156 p. :
_bil. ;
_c28 cm.
710 2 _aCorporación de Fomento Industrial de la República Dominicana
_936784
999 _c16070
_d16070